|
|
|
|
| LEADER |
00000nam a2200000Ia 4500 |
| 008 |
170912b2001 cr ||||| |||| 00| | spa d |
| 999 |
|
|
|c 946
|d 946
|
| 020 |
|
|
|a 9977125430
|
| 090 |
|
|
|a 02.04.02
|b 254
|
| 100 |
1 |
|
|a Loría Bolaños, Rocío
|9 3172
|
| 245 |
1 |
0 |
|a Rompamos el silencio, detengamos la violencia: Relato urgente de las mujeres ngäbe /
|c Rocío Loría Bolaños
|
| 260 |
|
|
|a San José, Costa Rica :
|b R. Loría B.,
|c 2001
|
| 300 |
|
|
|a 40 páginas
|
| 650 |
1 |
4 |
|a VIOLENCIA CONTRA LAS MUJERES
|9 85
|
| 650 |
1 |
4 |
|a INDÍGENAS
|9 427
|
| 650 |
1 |
4 |
|a DISCRIMINACIÓN BASADA EN EL GÉNERO
|9 896
|
| 942 |
|
|
|i 001212
|h 02.04.02 254
|2 z
|c 01
|